00857nam a2200205 i 4500001000300000245019900003260007100202300002100273650001500294650003100309655005000340700003500390700002200425020001500447040000800462041000800470080003400478008004100512856009800553bg10aMateriały pomocnicze do studiowania statystyki :bwspomaganie komputerowe.Cz. /cred. nauk. Irena Kasperowicz-Ruka ; zespół aut. Anita Abramowska [et al.]n2,Odpowiedzi do zadań i wydruki. aWarszawa :bSzkoła Główna Handlowa. Oficyna Wydawnicza,c2004. a374 s. ;c24 cm. 9aStatystyka 9aStatystykaxoprogramowanie aĆwiczenia i zadania dla szkół wyższych1 aKASPEROWICZ-RUKA, Irena.eRed.1 aABRAMOWSKA, Anita a8373780432 cBPK0 apol a311:519.2:004.42](075.8)(076) s pl f |000 0 pol  uhttp://koha.tu.koszalin.pl/cgi-bin/koha/opac-detail.pl?biblionumber=45167yKatalog online BPK